000 00591nam a2200241Ia 4500
003 OSt
005 20220924152139.0
006 a|||||r|||| 00| 0
007 ta
008 220923b |||||||| |||| 00| 0 mar d
020 _c5.00
024 _a341152
037 _cTextual
040 _aARTS
_cARTS
_bmar
041 _2mar
_amar
082 _aO155,3N20,15, K0;L2
100 _aSathe
245 0 _aBarbadya kanjari
260 _c1962
650 _aMARATHI LITERATURE
_938000
942 _hO155,3N20,15, K0;L2
_cTEXL
_2CC
999 _c468896
_d468896